Cây chè miền bắc Việt Nam

সংরক্ষণ করুন:
গ্রন্থ-পঞ্জীর বিবরন
প্রধান লেখক: Djemukhatze K.M
বিন্যাস: গ্রন্থ
ভাষা:Vietnamese
প্রকাশিত: H. Nông nghiệp 1981
বিষয়গুলি:
ট্যাগগুলো: ট্যাগ যুক্ত করুন
কোনো ট্যাগ নেই, প্রথমজন হিসাবে ট্যাগ করুন!
Thư viện lưu trữ: Mạng thư viện Đại học Đà Nẵng
LEADER 00952nam a2200313 4500
001 000013621
003 9965
005 20120320080320.0
008 120320s1981 viesd
041 0 |a vie 
082 |a 633.72  |b DJ-K 
100 0 |a Djemukhatze K.M 
245 0 |a Cây chè miền bắc Việt Nam  |c K.M Djemukhatze 
260 |a H.  |b Nông nghiệp  |c 1981 
300 |a 151 tr.  |c 19 cm 
653 |a Cây chè 
653 |a miền Bắc 
653 |a Việt Nam 
910 |a duyên 
OWN |a LSP 
AVA |a UDN50  |b LSP  |d 633.72 DJ-K  |e available  |t Error 5001 Not defined in file expand_doc_bib_avail.  |f 1  |g 0  |h N  |i 0  |k 1 
999 |a From the UDN01 
AVA |a UDN50  |b LSP  |d 633.72 DJ-K  |e available  |t Error 5001 Not defined in file expand_doc_bib_avail.  |f 1  |g 0  |h N  |i 0  |k 1 
TYP |a Monograph 
TYP |a Printed language 
980 |a Mạng thư viện Đại học Đà Nẵng